| 000 | 01335cam a22003617a 4500 | ||
|---|---|---|---|
| 003 | CHAP | ||
| 005 | 20220329133910.0 | ||
| 008 | 971013s1960 r 00010 d | ||
| 010 | _a12421 | ||
| 011 | _a13393 | ||
| 035 | _a17464 | ||
| 040 | _cCHAP | ||
| 090 | _aFolleto 10409 | ||
| 100 | 0 | 0 |
_aCarrillo Sánchez, José Luis. _919539 |
| 245 | 0 | _aRepaso de las especies mexicanas del género Macrodactylus (Coleoptera, Scarabareidae) con observaciones biológicas de algunas especies | |
| 260 |
_aMéxico, D.F. : _bOficina de Estudios Especiales, _c1960 |
||
| 300 | _a102 p. | ||
| 490 | 0 |
_aOficina de Estudios Especiales. Folleto técnico _v; 39 |
|
| 500 | _ac.4-6 en bodega | ||
| 590 |
_aBATCH-UPD _b10 _c20130110 _lUCH01 _h0222 |
||
| 590 |
_aBATCH-UPD _b10 _c20130110 _lUCH01 _h2126 |
||
| 590 |
_aBATCH-UPD _b10 _c20130410 _lUCH01 _h1436 |
||
| 590 |
_aBATCH-UPD _b10 _c20130914 _lUCH01 _h0859 |
||
| 590 |
_aCONVERSION _b10 _c20130109 _lUCH01 _h1308 |
||
| 650 | 1 | 4 |
_aMacrodactylus. _969546 |
| 700 | 0 |
_aGibson, William W. _947886 |
|
| 830 | 0 |
_aOficina de Estudios Especiales. Folleto técnico _v; 39 _982802 |
|
| 901 | _aBK | ||
| 942 | _cFOLL | ||
| 949 |
_aFolleto 10409 _bBC _cBPP _d-41209 _eBPP _i17464 _si |
||
| 949 |
_aFolleto 10409 _bBC _cBPP _d-41210 _eBPP _fc.2 _i17464 _si |
||
| 949 |
_aFolleto 10409 _bBC _cBPP _d-41211 _eBPP _fc.3 _i17464 _si |
||
| 999 |
_c12421 _d12421 |
||